A-Z Dreamcatcher songs - Statistics

General Stats
  • This quiz has been taken 122 times
  • The average score is 15 of 21
Answer Stats
Letter Song % Correct
B Beauty Full (DAMI SOLO), BEcause, Black Or White, BOCA, BONVOYAGE, Breaking Out, Break The Wall
98%
A A Heart of Sunflower, Airplane, Alldaylong, Always, And there was no one left
87%
D Daybreak, Daydream, Dear, Deja Vu, DEMIAN, Diamond, Don't Light My Fire
87%
F Fairytale, Fireflies, Fly high, For (YOOHYEON SOLO), Full Moon
84%
S SAHARA, Scream, Shatter, Silent Night, Sleep-walking, Some Love, Starlight, STΦMP!
84%
C Can't get you out of my mind, Chase Me, Cherry (Real Miracle) (JI U SOLO)
81%
R Rainy Day, REASON, Red Sun, Rising, R.o.S.E BLUE
81%
J Jazz Bar, July 7th, JUSTICE
79%
E Eclipse, Emotion, Endless Night, Entrancing (SIYEON SOLO)
78%
W Wake up, We Are Young, What, Which a star, Whistle, Wind Blows, Winter (HANDONG SOLO), Wonderland
78%
M MAISON, Mayday, My Way
76%
P Paradise, PIRI, Playground (GAHYUN SOLO), Poison Love, Polaris, Propose
76%
G GOOD NIGHT
65%
O Odd Eye, OOTD, Over the Sky
63%
V VISION
62%
T Tension, The curse of the Spider, Together, To. You, Trap, Trust Me
59%
Y YOU AND I
59%
N New days, No Dot (SU A SOLO), No More
54%
Number 2 Rings, 4 Memory
52%
I I Miss You, In The Frozen
49%
L Locked Inside A Door, Lullaby
43%
No matching quizzes found
Score Distribution
Percent of People with Each Score
Percentile by Number Answered
Your Score History
You have not taken this quiz